Sky Li

Toronto Ray of Sun in the Sky


Categories

Beliefs2501805090.5747
1401554899.8015
Fine Arts - Visual Fine Arts2310552671.6045
History - American History1412507496.8025
Fine Arts - Auditory Fine Arts1420455989.0045
History - European History13124038103.0024
Science - Physics04223069112.7514
Other Science: Math0300307493.3323
Literature - European Literature1100257589.0012
Philosophy1100252178.5012
Social Science03102587107.3313
Other Arts: Visual020020102108.0012
Other Science: Computer Science0200208996.5002
Other Science: Earth Science020220133141.0002
Science - Physics0200208995.5012
Science - Chemistry020020110110.5002
History - American History0200209093.5012
History - World History0200208495.5002
Fine Arts - Auditory Fine Arts0200208191.0012
Literature - British Literature02002092104.5022
Fine Arts - Visual Fine Arts020020103106.5012
Other Arts: Auditory0210158795.0022
Philosophy021215125138.0002
Other Academic010110132132.0001
Chemistry>0100109797.0001
Current Events0100109696.0001
Current Events010010118118.0001
History - World History0100107676.0011
Literature - American Literature0100108181.0011
Literature - British Literature010010112112.0001
Other Science: Astronomy010110138138.0001
Science - Biology010110131131.0001
Other Academic011059696.0001
011058787.0001
Beliefs01210152152.0001
Religion0010-50.0000
Other Arts: Auditory0010-50.0000

Buzzes

PhilosophyStoicism1521
Fine Arts - Visual Fine ArtsVenice1526
History - European HistoryMaximilien Robespierre1538
History - American HistoryNational Security Agency-541
Fine Arts - Visual Fine ArtsMoses1546
symposia1548
BeliefsCú Chulainn1550
History - European HistoryNormans-558
Fine Arts - Auditory Fine ArtsSergei Rachmaninoff1559
Fine Arts - Visual Fine Artshearts-565